The interlocking trajectories between negative parenting practices and and adolescent depressive symptoms /
Este artículo, incorpora una perspectiva de discusión sobre el cómo las prácticas negativas de maternidad y los síntomas depresivos en los adolescentes están relacionados
Uloženo v:
| Hlavní autor: | |
|---|---|
| Médium: | Text |
| Témata: | |
| Tagy: |
Přidat tag
Žádné tagy, Buďte první, kdo vytvoří štítek k tomuto záznamu!
|
MARC
| LEADER | 00000 a a2200000 04500 | ||
|---|---|---|---|
| 001 | 4769 | ||
| 003 | |||
| 040 | |||
| 100 | |a Wu, Chyi-In | ||
| 245 | |a The interlocking trajectories between negative parenting practices and and adolescent depressive symptoms / |c Chyi-In Wu | ||
| 520 | |a Este artículo, incorpora una perspectiva de discusión sobre el cómo las prácticas negativas de maternidad y los síntomas depresivos en los adolescentes están relacionados | ||
| 650 | |a PADRES | ||
| 650 | |a JUVENTUD | ||
| 650 | |a TAIWAN | ||
| 773 | |g volumen 55, número 4; páginas 579-597 | ||
| 999 | |c 33575 |d 33575 | ||
